000 00528nam a22001937a 4500
003 KOHA_MİRAKIL
005 20251022145119.0
008 251022b tu ||||| |||| 00| 0 tur d
020 _a9786052174494
040 _aTR-AnABB
_btur
_cTR-AnABB
041 _atur
082 _a297.81335
_bTUR 2018
100 1 _aTürkmen, Zehra,
245 1 0 _aNuh'un gemisindeki gençler /
_cZehra Türkmen
260 _aİstanbul :
_bEnsar Neşriyat,
_c2018
300 _a120 sayfa ;
_c21 cm
650 0 4 _aİslam
942 _2ddc
_cBK
999 _c9190
_d9190
900 _bGizem YORULMAZ